000 00859nam a22001577a 4500
003 OSt
005 20160325151246.0
008 160325b xxu||||| |||| 00| 0 eng d
040 _cRUA
082 _aAGR VA 2008 B471 Or.1
100 _98223
_aVA VACHNA; វ៉ា វចនា
245 _aFarmer's adoption of techniques of ecological system of rice intensification case study in baphnom district, prey veng province, ការទទួលយករបស់កសិករលើបច្ចេកទេសនៃប្រព័ន្ធប្រពលវប្បកម្មដំណាំស្រូវតាមគោលការណ៍ធម្មជាតិ ករណីសិក្សា ស្រុកបាភ្នំ ខេត្តព្រៃវែង
260 _aPhnom Penh
_bRUA
_c2008
300 _axi ;44p.
_bill.
_c29cm.
942 _2ddc
_cAGR
999 _c7846
_d7846